000 00821nam a22002057a 4500
999 _c19880
_d19880
003 AR-CdUCM
008 190523b ||||| |||| 00| 0 spa d
040 _aMUNICIPALIDAD PROVINCIAL DEL CUSCO
_cBIBLIOTECA MUNICIPAL DEL CUSCO
082 _a541.2 /
_bV34
100 _aVásquez B. Mariano
_941562
245 _aEvolución de la materia... y la materia hízose vida :
_bun ensayo de sintesisfísico biológico /
260 _aMéxico :
_bRegina de los Ángeles,
_c1972.
300 _a356 páginas ;
_bFotografías,
_c24 cm.
505 _aContenido: Generalidades -- Observación, atención, análisis e intuición -- Papel de la intuición en la investigación científica...
650 _aMateria
_9883
650 _aUniverso
_918615
650 _aEl espacio
_921538
942 _2ddc
_cLIBROS
945 _adavv
_d2019-05-23